00529nam a22001337a 4500008004100000020001800041040005500059080002200114245014200136260005800278300001300336650001200349700003400361230428b |||||||| |||| 00| 0 eng d a0-444-85321-9 aNational Science LibrarycNational Science Library a519.1(082.2) bM0 aMultivariate analysis-V: bProceedings of the fifth International Symposium on Multivariate Analysis c/ North-Holland Publishing Company aAmsterdam: bNorth-Holland Publishing Company, c1980 ax, 675p. aScience aKrishnaiah, Paruchuri R (Ed.)